000 00605nam a2200205 a 4500
001 BRCA_4314
005 20190320204626.0
008 250610s1949----u--#######---#000-0#eng-#
041 _aeng
044 _au
050 4 _aQ183
_b.M63 1949
245 1 0 _aModern Laboratory Appliances for Chemical - Metallurgical - Biological Laboratories
_cFisher Scientific Company and Eimer and Amend.
260 _aChicago
_bR. R. Donnelley
_c1949
300 _a1029 p.
_c27 cm.
500 _aCEF110
650 1 4 _aLaboratorios
_911069
710 2 _aFisher Scientific Company
_911070
902 _aGFM
942 _2lcc
_cB
999 _c4025
_d4025